000 01475nam0a2200409 4500
001 RU\NLR\BIBL_A\021944534
005 20260406234028.0
010 _a978-5-6048812-1-7
021 _aRU
_b2023-363и
_9АЛ-П-77
035 _a(RuMoRGB)011756720
035 _a(NLR Aleph) 021944534
090 _a13198037
_c13198037
100 _a20230523d2022 |||y0rusy50 ca
101 1 _aeng
_crus
102 _aRU
105 _aa z 000zy
181 0 _ai
_baxxe
181 0 _ab3
_bab2e
182 0 _an
200 1 _aCoin art
_e[album]
_fBank of Russia
_gphoto: A. Bronnikov [et al.]
203 _aТекст
_aИзобажение
_bвизуальные
_cнепосредственные
210 _aMoscow
_cOTVETDESIGN communication agency
_d2022
215 _a239 с.
_cил., цв. ил.
_d24х25
333 _a12+
541 1 _aМонетное искусство
606 1 _aПамятные монеты
_jАльбомы
_yРоссийская Федерация
_92322326
_3RU\NLR\AUTH\6601614010
606 1 _aМедальерное искусство русское
_jАльбомы
_92616013
_3RU\NLR\AUTH\661552572
675 _a737.1(470)(064)
_v4
686 1 _aЩ133(2Р=Рус)-465.6 я61
686 1 _aТ221(2)74я6
702 1 _aBronnikov
_bA.
_4600
712 0 2 _4570
_8eng
_aCentral bank of Russia
_7ba
_3RU\NLR\AUTH\889987539
_9470652
942 _cBOOK
980 _aNB